The noble scholar, jurist, historian


 His Excellency Dr. Abdul Wahhab bin Ibrahim Abu Sulaiman, may Allah have mercy on him.


 He was born in Umm Al-Qura in the year 1356 AH.

في الفلسفة الإسلامية وصلاتها بالفلسفة اليونانية / (Record no. 14756)

MARC details
000 -LEADER
fixed length control field 01222cam a22002651i 4500
003 - CONTROL NUMBER IDENTIFIER
control field SA-RiAUC
005 - DATE AND TIME OF LATEST TRANSACTION
control field 20260413124425.0
008 - FIXED-LENGTH DATA ELEMENTS--GENERAL INFORMATION
fixed length control field 260406s1959 ua g 000 0 ara c
040 ## - CATALOGING SOURCE
Original cataloging agency SA-JeALM
Language of cataloging ara
Transcribing agency SA-RiAUC.
Description conventions rda
082 04 - DEWEY DECIMAL CLASSIFICATION NUMBER
Classification number 189.109
Assigning agency SA-RiAUC
090 ## - LOCALLY ASSIGNED LC-TYPE CALL NUMBER (OCLC); LOCAL CALL NUMBER (RLIN)
Classification number (OCLC) (R) ; Classification number, CALL (RLIN) (NR) 189.109
Local cutter number (OCLC) ; Book number/undivided call number, CALL (RLIN) ن ع ي
100 1# - MAIN ENTRY--PERSONAL NAME
Personal name نعيم، محمد السيد
Relator term مؤلف.
245 10 - TITLE STATEMENT
Title في الفلسفة الإسلامية وصلاتها بالفلسفة اليونانية /
Statement of responsibility, etc. تأليف محمد السيد نعيم، عوض الله جاد حجازي.
250 ## - EDITION STATEMENT
Edition statement الطبعة الثانية.
Remainder of edition statement مزيدة ومنقحة
264 #1 - PRODUCTION, PUBLICATION, DISTRIBUTION, MANUFACTURE, AND COPYRIGHT NOTICE
Place of production, publication, distribution, manufacture القاهرة :
Name of producer, publisher, distributor, manufacturer دار الطباعة المحمدية،
Date of production, publication, distribution, manufacture, or copyright notice 1959
300 ## - PHYSICAL DESCRIPTION
Extent 380 صفحة ؛
Dimensions 20 سم.
336 ## - CONTENT TYPE
Content type term نص
Content type code txt
Source rdacontent
Materials specified كتاب
337 ## - MEDIA TYPE
Media type term بدون وسيط
Media type code n
Source rdamedia
500 ## - GENERAL NOTE
General note اهداء من المؤلف عوض الله حجازي الى الشيخ رحمه الله بتاريخ 22 / 11 / 1398 هـ
650 #7 - SUBJECT ADDED ENTRY--TOPICAL TERM
Topical term or geographic name entry element الفلسفة الإسلامية
General subdivision تاريخ
Source of heading or term aucsh
650 #7 - SUBJECT ADDED ENTRY--TOPICAL TERM
Topical term or geographic name entry element الفلسفة اليونانية
Source of heading or term aucsh
700 1# - ADDED ENTRY--PERSONAL NAME
Personal name حجازي، عوض الله جاد أحمد
Relator term مؤلف.
942 ## - ADDED ENTRY ELEMENTS (KOHA)
Source of classification or shelving scheme Dewey Decimal Classification
Koha item type Books
Suppress in OPAC No
949 ## - LOCAL PROCESSING INFORMATION (OCLC)
a SA-JeALM
d 260406
u osman123
n 1
Holdings
Withdrawn status Lost status Source of classification or shelving scheme Damaged status Not for loan Collection Home library Current library Date acquired Total checkouts Full call number Barcode Date last seen Price effective from Koha item type
    Dewey Decimal Classification     اهداء DR AbdElwahab Library DR AbdElwahab Library 04/13/2026   189.109 ن ع ي 000023317 04/13/2026 04/13/2026 Books